000 00416nam a2200181Ia 4500
001 3144
005 20260306144859.0
008 260306t2008||||xx |||||||||||||| ||spa||
041 _aESP
082 _a261.4
_bB61
100 _aBlanco E., Ignacio
_eAUT
245 0 _aEl camino de la santidad
260 _c2008
300 _a93 páginas :
_c19 cm.
650 _aGEN
654 _aCHU
942 _cLIB
_dJUS
_fJUS
_2ddc
_n
999 _c3144
_d3144